000
00319nam a2200133Ia 4500
008
230917s9999||||xx |||||||||||||| ||und||
040
_e
150937
_a
MAIN
041
_a
English
082
_a
809.2 N665N
245
0
_a
Nobel Prize Library. 3V
260
_a
New York
_b
Alexis Gregory
_c
1971
300
_a
v. p.
942
_c
BK
999
_c
191589
_d
191589